|
|
|
|
| LEADER |
00000cam a2200000 a 4500 |
| 001 |
vtls001546327 |
| 003 |
SK-MaSNL |
| 005 |
20260425235113.0 |
| 008 |
180814s1973 xo a g c 00000dslo |
| 020 |
|
|
|q (brož.)
|
| 035 |
|
|
|a VTK23957
|
| 040 |
|
|
|a SNK
|b slo
|c SNK
|e AACR2
|
| 041 |
0 |
|
|a slo
|b rus
|b eng
|b fre
|b spa
|b ger
|
| 044 |
|
|
|a slo
|c SK
|
| 072 |
|
7 |
|a 75
|x Maliarstvo
|2 konspekt
|
| 080 |
|
|
|a 72/76
|2 2001
|
| 080 |
|
|
|a 72/76.071.1
|2 2001
|
| 080 |
|
|
|a 75
|2 2001
|
| 080 |
|
|
|a (437.6)
|2 2001
|
| 080 |
|
|
|a (083.82)
|2 2001
|
| 245 |
0 |
0 |
|a Jozef Fabini
|c [zostavil] Ladislav Saučin
|
| 250 |
|
|
|a 1. vyd.
|
| 260 |
|
|
|a Bratislava
|b Pallas
|c 1973
|
| 300 |
|
|
|a 22 s., 23 obr. na príl.
|b ilustr.
|c 17 x 18 cm
|
| 366 |
|
|
|e 3000 výt.
|
| 504 |
|
|
|a Biogr. údaje. Pozn. Zozn.
|
| 546 |
|
|
|a Res. rus., angl., fran., špan., nem.
|
| 600 |
1 |
7 |
|a Fabini, Jozef,
|d 1908-1984
|2 SNKMA
|9 5401
|
| 648 |
|
7 |
|a 20. stor.
|2 SNKPH
|9 275975
|
| 650 |
0 |
7 |
|a slovenské výtvarné umenie
|2 SNKPH
|9 68597
|
| 650 |
0 |
7 |
|a výtvarníci
|2 SNKPH
|9 118705
|
| 650 |
0 |
7 |
|a maliarstvo
|2 SNKPH
|9 812
|
| 651 |
|
7 |
|a Slovensko
|2 SNKPH
|9 14231
|
| 655 |
|
7 |
|a katalógy
|2 SNKPH
|9 60821
|
| 700 |
1 |
|
|a Saučin, Ladislav,
|d 1920-1994
|4 com
|9 198074
|
| 852 |
|
|
|a Štátna vedecká knižnica v Banskej Bystrici
|
| 958 |
|
|
|a OND
|
| 999 |
|
|
|c 819652
|d 821582
|
| 952 |
|
|
|a SNK
|b SNK
|y VYP
|7 0
|p 17A1029062
|o snkOSD 8894 D1
|i snk2014/8903
|8 1
|0 0
|1 0
|4 0
|d 2014-04-07
|l 0
|r 2026-02-24 03:02:48
|w 2026-02-24
|
| 952 |
|
|
|a SNK
|b SNK
|y PREZ
|7 0
|p 17A0476431
|o snkOSD 8894
|i snk2005/11038
|8 1
|0 0
|1 0
|4 0
|d 2005-06-24
|l 0
|r 2026-02-24 03:02:48
|w 2026-02-24
|